000 00703nam a2200217 i 4500
001 bg
100 1 _aMARSZAŁKOWSKA-KRZEŚ, Elwira.
245 0 0 _aUstawa o Krajowym Rejestrze Sądowym :
_bkomentarz : akty wykonawcze, Polska Klasyfikacja Działalności /
_cElwira Marszałkowska-Krześ.
250 _aStan prawny na 15 maja 2001 r.
260 _aWarszawa :
_b"Librata",
_c2001.
300 _a549 s. +
_e21 cm.
630 0 9 _aPolska Klasyfikacja Działalności
650 9 _aPrawo handlowe
_zPolska
_ystan na 2001 r.
020 _a8387271217
040 _cBPK
041 0 _apl
080 _a346+347.7](438)
920 _a83-87271-21-7
942 _cKS
008 s pl f |000 0 pol
999 _c39899
_d39899
856 _uhttp://koha.tu.koszalin.pl/cgi-bin/koha/opac-detail.pl?biblionumber=39899
_yKatalog online BPK